Score 0/18 Timer 05:00
0 Plays Today
Question Answer Wrong Answers
Playing Card Suits Hearts, Clubs, Spades
96.1%
Diamonds, Triangles, Arrows
0.3%
Hearts, Diamonds, Flowers
0.6%
Alcoholic Drinks Brandy, Sherry, Tequila
93.5%
Martini, Beer, Smoothie
1.2%
Champagne, Gin, Mocha
2%
Vegetables Asparagus, Kale, Artichoke
92.5%
Onion, Juniper, Tomato
2.7%
Beet, Turnip, Veal
1.7%
String Instruments Sitar, Harp, Cello
91.9%
Lute, Bass, Rope
1.2%
Mandolin, Conga, Viola
3.9%
World Countries Indonesia, Georgia, Iceland
88.7%
Paris, New Zealand, Ghana
6.2%
Syria, Kyrgyzstan, Texas
1.9%
Birds Penguin, Vulture, Albatross
87.5%
Kiwi, Guava, Quail
5.6%
Phyton, Cardinal, Pheasant
3.8%
New Testament Gospels/Four Evangelists Luke, Matthew, John
84.7%
John, Paul, Joseph
3.7%
Paul, Mark, Luke
8.5%
Wild Felines Jaguar, Puma, Ocelot
84%
Dingo, Tiger, Bobcat
6.8%
Hyena, Tiger, Caracal
5.9%
Cheeses Brie, Cottage, Ricotta
82%
Parmesan, Brioche, Feta
12.9%
Gruyere, Gouda, Penne
1.6%
Greek Gods Zeus, Hades, Hermes
81.2%
Cupid, Aphrodite, Ares
9.8%
Hephaestus, Ares, Ceres
5.8%
Board Games Backgammon, Operation, Candy Land
79.3%
Simon, Chess, Battleship
11.8%
Cluedo, Twister, Minecraft
5.4%
Composers Mozart, Haydn, Handel
78.7%
Pollock, Chopin, Brahms
5.3%
Beethoven, Amundsen, Wagner
12.9%
Chemical Elements Mercury, Neon, Tin
76.4%
Iron, Steel, Copper
11.3%
Ozone, Radon, Krypton
9.1%
World Currencies Baht, Dinar, Ruble
74.9%
Rand, Rupee, Huron
7.5%
Jakarta, Rupee, Franc
14.3%
100 Most Popular Girl Names of the 2000s (USA) Megan, Mia, Brianna
71%
Alexis, Jose, Julia
7.2%
Jennifer, Hunter, Ava
18.4%
Hogwarts Professors Snape, Flitwick, Quirrell
70.5%
Pettigrew, Lupin, Hagrid
10.9%
Dumbledore, Fudge, Lockhart
15%
Spanish Numbers Dos, Nueve, Seis
65.7%
Quatre, Siete, Ocho
19.4%
Cinco, Tre, Diez
11.7%
European National Capitals Brussels, Helsinki, Rome
65%
Munich, Amsterdam, Lisbon
13.1%
Barcelona, Athens, Oslo
18.4%

You're not logged in!

Compare scores with friends on all Sporcle quizzes.
OR
Log In

Sporcle TV

Today on Sporcle TV


Watch our educational content, quiz creation guides, and fun videos on Sporcle TV.

Show Comments

Extras

Top Quizzes Today


Score Distribution

Paid Content

Your Account Isn't Verified!

In order to create a playlist on Sporcle, you need to verify the email address you used during registration. Go to your Sporcle Settings to finish the process.

Report this User

Report this user for behavior that violates our Community Guidelines.

Details: